Nguyên lý phòng chống nấm mốc và mycotoxin

Сохранить в:
Библиографические подробности
Главный автор: Bùi, Xuân Đồng
Формат:
Язык:Undetermined
Опубликовано: H. KHKT 2004
Предметы:
Метки: Добавить метку
Нет меток, Требуется 1-ая метка записи!
Thư viện lưu trữ: Trung tâm Học liệu Trường Đại học Cần Thơ
LEADER 00512nam a2200193Ia 4500
001 CTU_62588
008 210402s9999 xx 000 0 und d
020 |c 24000 
082 |a 579.5 
082 |b Đ455 
100 |a Bùi, Xuân Đồng 
245 0 |a Nguyên lý phòng chống nấm mốc và mycotoxin 
245 0 |c Bùi Xuân Đồng 
260 |a H. 
260 |b KHKT 
260 |c 2004 
650 |a Fungi 
904 |i Minh 
980 |a Trung tâm Học liệu Trường Đại học Cần Thơ